000 01280cam a2200313 a 4500
001 15581050
003 OSt
005 20230923142235.0
008 090109s2009 nyua 001 0 eng
010 _a 2009000454
020 _a9780831133917
020 _a0831133910
035 _a(OCoLC)ocn277203306
040 _aDLC
_cDLC
_dYDX
_dBTCTA
_dYDXCP
_dCDX
_dDLC
050 0 0 _aQA39.3
_b.S77 2009
082 0 0 _a510
_bSTR/E
100 1 _aStroud, K. A.
_99578
245 1 0 _aEssential mathematics for science and technology /
_cK.A. Stroud with Dexter J. Booth.
260 _aNew York, NY :
_bIndustrial Press,
_cc2009.
300 _axxiv, 728 p. :
_bill. ;
_c25 cm.
500 _aIncludes index.
650 0 _aMathematics.
700 1 _aBooth, Dexter J.
856 4 2 _3Publisher description
_uhttp://www.loc.gov/catdir/enhancements/fy1203/2009000454-d.html
856 4 1 _3Table of contents only
_uhttp://www.loc.gov/catdir/enhancements/fy1203/2009000454-t.html
906 _a7
_bcbc
_corignew
_d1
_eecip
_f20
_gy-gencatlg
942 _2ddc
_cBK
_h510
_iSTR/E
_k510
_mSTR/E
999 _c42338
_d42338